Gimme Five: African Geography Quiz Stats

 Plays Quiz Updated Jul 2, 2018

Challenge
Share
Tweet
Embed
Score 0/45 Timer 07:00
11 Plays Today
% Correct
Madagascar
91.4%
Equatorial Guinea
91.2%
Egypt
89.6%
Nile
88.3%
Sudan
86.8%
Algeria
86.3%
Democratic Republic of the Congo
85.1%
Cairo
84.6%
Niger
84.6%
Tanzania
84.5%
Ethiopia
84.4%
Ethiopia
80.2%
Chad
79%
Libya
78.4%
Eritrea
76.8%
Somalia
76.4%
Nigeria
75.6%
Lake Victoria
75.4%
Uganda
75.2%
Cabo Verde
69.7%
South Sudan
68.1%
Mauritius
68.1%
Comoros
66.5%
% Correct
São Tomé and Príncipe
63.6%
Ghana
62.9%
Congo
59.7%
Cote d’Ivoire
58.3%
Lagos
57.2%
eSwatini
56.9%
Cameroon
54%
Togo
52.5%
Lake Malawi
49.4%
Dakar
46.7%
Kinshasa
36.3%
Zambezi
33.4%
Alexandria
32.9%
Bissau
31.9%
Casablanca
30.8%
Banjul
27.1%
Praia
27%
Lake Tanganyika
25.4%
Nouakchott
22.8%
Orange
13.2%
Lake Albert
8.8%
Lake Turkana
4.4%

You're not logged in!

Compare scores with friends on all Sporcle quizzes.
Join for Free
OR
Log In

You Might Also Like...

Show Comments

Extras

Top Quizzes Today


Score Distribution

Your Account Isn't Verified!

In order to create a playlist on Sporcle, you need to verify the email address you used during registration. Go to your Sporcle Settings to finish the process.

Report this User

Report this user for behavior that violates our Community Guidelines.

Details: